[Event "Madrid San Viator op-A 26th"]
[Site "Madrid"]
[Date "2016.04.24"]
[Round "4"]
[White "Rendo Quindos, Pedro"]
[Black "Gonzalez Hilla, Antonio"]
[Result "1-0"]
[WhiteElo "1572"]
[BlackElo "1484"]
[PlyCount "115"]
[EventDate "2016.04.03"]
[EventType "swiss"]
[EventRounds "9"]
[EventCountry "ESP"]
[SourceTitle "EXT 2017"]
[Source "ChessBase"]
[SourceDate "2016.10.25"]
[SourceVersion "1"]
[SourceVersionDate "2016.10.25"]
[SourceQuality "1"]

1. e4 c5 2. b3 Nc6 3. Bb2 d6 4. Bb5 Bd7 5. Nf3 Qb6 6. Bxc6 Bxc6 7. d3 e5 8. 0-0 Ne7 9. Nbd2 Qc7 10. a4 a6 11. a5 Ng6 12. Nc4 Be7 13. Nb6 Rb8 14. Qd2 h6 15. Rfc1 0-0 16. c3 Nf4 17. b4 Bb5 18. c4 Be8 19. bxc5 Qxc5 20. d4 Qc7 21. dxe5 Ne6 22. Nd5 Qd7 23. Nxe7+ Qxe7 24. exd6 Qd7 25. Ne5 Qd8 26. d7 Nc5 27. Qd5 Nxd7 28. Ba3 Nxe5 29. Qxe5 Bc6 30. Bxf8 Qxf8 31. Rd1 Re8 32. Qc7 Rxe4 33. Rd8 Re8 34. Rxe8 Qxe8 35. Rd1 Qe4 36. f3 Qxc4 37. Qd8+ Kh7 38. Qd3+ Qxd3 39. Rxd3 g5 40. g3 Kg6 41. Kf2 f6 42. Ke3 h5 43. Rd4 Kf5 44. h4 Ke5 45. f4+ gxf4+ 46. Rxf4 f5 47. Rd4 Kf6 48. Kf4 Be4 49. Rd6+ Kg7 50. Kg5 Kf7 51. Kxh5 Ke7 52. Rh6 Kf7 53. Kg5 Kg7 54. Rf6 Bd3 55. Rxf5 Be4 56. Rf6 Bc6 57. Rxc6 bxc6 58. Kf5 1-0

[Event "Madrid San Viator op 24th"]
[Site "Madrid"]
[Date "2015.05.24"]
[Round "8"]
[White "Cuerda Montagud, Tomas"]
[Black "Gonzalez Hilla, Antonio"]
[Result "1-0"]
[WhiteElo "1321"]
[BlackElo "1541"]
[PlyCount "66"]
[EventDate "2015.03.22"]
[EventType "swiss"]
[EventRounds "9"]
[EventCountry "ESP"]
[SourceTitle "EXT 2016"]
[Source "ChessBase"]
[SourceDate "2015.10.08"]
[SourceVersion "1"]
[SourceVersionDate "2015.10.08"]
[SourceQuality "1"]

1. e4 c5 2. Nf3 Nc6 3. c3 e5 4. Bc4 h6 5. d4 cxd4 6. cxd4 Qa5+ 7. Bd2 Qb6 8. Bc3 Bb4 9. 0-0 Bxc3 10. bxc3 Qb2 11. Nbd2 exd4 12. cxd4 Nxd4 13. Nxd4 Qxd4 14. Bb3 Nf6 15. Re1 0-0 16. h3 d6 17. Rc1 Qb6 18. Nc4 Qb4 19. Nxd6 Rd8 20. e5 Kf8 21. Qf3 Rxd6 22. exd6 Qxd6 23. Rcd1 Qb6 24. Qe2 Qc7 25. Qd2 Bf5 26. Qb4+ Kg8 27. Re7 Bd7 28. Bxf7+ Kh7 29. Qb1+ Kh8 30. Be6 Rd8 31. Qg6 Ne8 32. Bxd7 Qb8 33. Rxe8+ Rxe8 1-0

[Event "Madrid San Viator op 22nd"]
[Site "Madrid"]
[Date "2014.06.01"]
[Round "9"]
[White "Gonzalez Hilla, Antonio"]
[Black "Lopez Mijail, Nicolas"]
[Result "1-0"]
[WhiteElo "1575"]
[BlackElo "1389"]
[PlyCount "100"]
[EventDate "2014.03.23"]
[EventType "swiss"]
[EventRounds "9"]
[EventCountry "ESP"]
[SourceTitle "EXT 2015"]
[Source "ChessBase"]
[SourceDate "2014.11.20"]
[SourceVersion "1"]
[SourceVersionDate "2014.11.20"]
[SourceQuality "1"]

1. b3 Nf6 2. Bb2 g6 3. Nc3 Bg7 4. e3 0-0 5. Bc4 d5 6. Bd3 c5 7. f4 Nc6 8. Bb5 Bf5 9. Bxc6 bxc6 10. Nf3 Nd7 11. Rb1 Rb8 12. h3 h5 13. Nh4 Be6 14. g4 hxg4 15. hxg4 d4 16. Ne2 Bxg4 17. Rg1 Bh5 18. e4 e6 19. Ng2 Nf6 20. d3 Qa5+ 21. Kf2 Ng4+ 22. Kf1 Nh2+ 23. Kf2 Nf3 24. Rh1 Qxa2 25. Rxh5 gxh5 26. Kxf3 f5 27. e5 Kf7 28. Ng3 Rh8 29. Nh4 Bf8 30. Qc1 Qa5 31. Ra1 Qc7 32. Qd2 Qd7 33. Qa5 Qd5+ 34. Kf2 Rb7 35. Qd2 Be7 36. Nf3 h4 37. Ne2 h3 38. Rh1 Bh4+ 39. Ng3 Bxg3+ 40. Kxg3 Ke8 41. Rh2 Rg7+ 42. Ng5 Rhg8 43. Rxh3 Rxg5+ 44. fxg5 Qxe5+ 45. Kf3 Qd5+ 46. Kf2 e5 47. Rh7 e4 48. Qf4 e3+ 49. Kf1 Qd8 50. Qe5+ Kf8 1-0

[Event "Madrid San Viator op 22nd"]
[Site "Madrid"]
[Date "2014.03.30"]
[Round "2"]
[White "Del Noval Nemeshazi, Nesztor"]
[Black "Gonzalez Hilla, Antonio"]
[Result "1-0"]
[WhiteElo "1430"]
[BlackElo "1575"]
[PlyCount "31"]
[EventDate "2014.03.23"]
[EventType "swiss"]
[EventRounds "9"]
[EventCountry "ESP"]
[SourceTitle "EXT 2015"]
[Source "ChessBase"]
[SourceDate "2014.11.20"]
[SourceVersion "1"]
[SourceVersionDate "2014.11.20"]
[SourceQuality "1"]

1. e4 c5 2. Nf3 Nc6 3. d4 cxd4 4. Nxd4 g6 5. c4 Bg7 6. Be3 Nf6 7. Nc3 Ng4 8. Qxg4 Bxd4 9. Bxd4 Nxd4 10. Rd1 e5 11. f4 Qb6 12. Nd5 Nc2+ 13. Ke2 Qxb2 14. Qg5 0-0 15. Qh6 exf4 16. Ne7+ 1-0